00445nam a2200157Ia 4500003000400000008004100004040001600045082001800061100001600079245005300095700001600148260004800164300001000212650003000222650003500252GCL140319s9999 xx 000 0 eng d aGCL / cGCL04a929.4242bR D1 aREANEY, P.H10aA DICTIONARY OF ENGLISH SURNAMES / cREANEY, P.H1 aWILSON, R.M a[S.N] : bOXFORD UNIVERSITY PRESS ، c1995 a508 P04aNAMES, PERSONAL - ENGLAND04aNAMES, PERSONAL - (CATALOGING)